|
|
|
|
| LEADER |
03383nam a2200589 4500 |
| 001 |
978-3-540-69783-1 |
| 003 |
DE-He213 |
| 005 |
20191022002354.0 |
| 007 |
cr nn 008mamaa |
| 008 |
121227s1998 gw | s |||| 0|eng d |
| 020 |
|
|
|a 9783540697831
|9 978-3-540-69783-1
|
| 024 |
7 |
|
|a 10.1007/BFb0037125
|2 doi
|
| 040 |
|
|
|d GrThAP
|
| 050 |
|
4 |
|a QA76.758
|
| 072 |
|
7 |
|a UMZ
|2 bicssc
|
| 072 |
|
7 |
|a COM051230
|2 bisacsh
|
| 072 |
|
7 |
|a UMZ
|2 thema
|
| 072 |
|
7 |
|a UL
|2 thema
|
| 082 |
0 |
4 |
|a 005.1
|2 23
|
| 245 |
1 |
0 |
|a High-Performance Computing and Networking
|h [electronic resource] :
|b International Conference and Exhibition, Amsterdam, The Netherlands, April 21-23, 1998, Proceedings /
|c edited by Peter Sloot, Marian Bubak, Bob Hertzberger.
|
| 250 |
|
|
|a 1st ed. 1998.
|
| 264 |
|
1 |
|a Berlin, Heidelberg :
|b Springer Berlin Heidelberg :
|b Imprint: Springer,
|c 1998.
|
| 300 |
|
|
|a XX, 1044 p.
|b online resource.
|
| 336 |
|
|
|a text
|b txt
|2 rdacontent
|
| 337 |
|
|
|a computer
|b c
|2 rdamedia
|
| 338 |
|
|
|a online resource
|b cr
|2 rdacarrier
|
| 347 |
|
|
|a text file
|b PDF
|2 rda
|
| 490 |
1 |
|
|a Lecture Notes in Computer Science,
|x 0302-9743 ;
|v 1401
|
| 520 |
|
|
|a This book constitutes the refereed proceedings of the 1998 International Conference and Exhibition on High-Performance Computing and Networking, HPCN EUROPE 1998, held in Amsterdam, The Netherlands, in April 1998. The book presents 85 revised full papers together with 58 posters selected out of a total of more than 220 Submissions. The book is divided in topical sections on industrial and general applications, computational science, and HPF+. All current aspects in high-performance computing and networking are covered, in particular simulation, visualisation, medical applications, nummerical computations, parallel and distributed processing, software engineering, computer and network architectures.
|
| 650 |
|
0 |
|a Software engineering.
|
| 650 |
|
0 |
|a Computer organization.
|
| 650 |
|
0 |
|a Algorithms.
|
| 650 |
|
0 |
|a Computer mathematics.
|
| 650 |
|
0 |
|a Computational complexity.
|
| 650 |
1 |
4 |
|a Software Engineering/Programming and Operating Systems.
|0 http://scigraph.springernature.com/things/product-market-codes/I14002
|
| 650 |
2 |
4 |
|a Computer Systems Organization and Communication Networks.
|0 http://scigraph.springernature.com/things/product-market-codes/I13006
|
| 650 |
2 |
4 |
|a Algorithm Analysis and Problem Complexity.
|0 http://scigraph.springernature.com/things/product-market-codes/I16021
|
| 650 |
2 |
4 |
|a Computational Mathematics and Numerical Analysis.
|0 http://scigraph.springernature.com/things/product-market-codes/M1400X
|
| 650 |
2 |
4 |
|a Complexity.
|0 http://scigraph.springernature.com/things/product-market-codes/T11022
|
| 700 |
1 |
|
|a Sloot, Peter.
|e editor.
|4 edt
|4 http://id.loc.gov/vocabulary/relators/edt
|
| 700 |
1 |
|
|a Bubak, Marian.
|e editor.
|4 edt
|4 http://id.loc.gov/vocabulary/relators/edt
|
| 700 |
1 |
|
|a Hertzberger, Bob.
|e editor.
|4 edt
|4 http://id.loc.gov/vocabulary/relators/edt
|
| 710 |
2 |
|
|a SpringerLink (Online service)
|
| 773 |
0 |
|
|t Springer eBooks
|
| 776 |
0 |
8 |
|i Printed edition:
|z 9783540644439
|
| 776 |
0 |
8 |
|i Printed edition:
|z 9783662179697
|
| 830 |
|
0 |
|a Lecture Notes in Computer Science,
|x 0302-9743 ;
|v 1401
|
| 856 |
4 |
0 |
|u https://doi.org/10.1007/BFb0037125
|z Full Text via HEAL-Link
|
| 912 |
|
|
|a ZDB-2-SCS
|
| 912 |
|
|
|a ZDB-2-LNC
|
| 912 |
|
|
|a ZDB-2-BAE
|
| 950 |
|
|
|a Computer Science (Springer-11645)
|